[Event "SRB-ch U18 Girls"]
[Site "Novi Sad"]
[Date "2021.08.05"]
[Round "4"]
[White "Vukosavljevic, Tatjana"]
[Black "Ljubicic, Andjela"]
[Result "1-0"]
[WhiteElo "1656"]
[BlackElo "1613"]
[PlyCount "49"]
[EventDate "2021.08.03"]
[EventType "tourn"]
[EventRounds "9"]
[EventCountry "SRB"]
[SourceTitle "EXT 2022"]
[Source "ChessBase"]
[SourceDate "2021.10.06"]
[SourceVersion "1"]
[SourceVersionDate "2021.10.06"]
[SourceQuality "1"]

1. Nf3 Nf6 2. g3 g6 3. Bg2 Bg7 4. 0-0 0-0 5. d4 d6 6. c4 Nc6 7. Nc3 Bg4 8. h3 Bxf3 9. Bxf3 Nd7 10. e3 e5 11. d5 Ne7 12. Ne4 h6 13. c5 Nxc5 14. Nxc5 dxc5 15. Qb3 Rb8 16. Bd2 Qd6 17. Rfd1 Rfd8 18. Rac1 b6 19. Qa4 a5 20. a3 Nxd5 21. Bxa5 Qe6 22. Qc4 c6 23. Be1 Qxh3 24. Bg4 b5 25. Qe2 1-0

[Event "SRB-chT (Women)"]
[Site "Valjevo"]
[Date "2020.10.01"]
[Round "9.4"]
[White "Stanimirovic, Marija"]
[Black "Ljubicic, Andjela"]
[Result "0-1"]
[WhiteElo "1893"]
[BlackElo "1544"]
[PlyCount "124"]
[EventDate "2020.09.25"]
[EventType "team-tourn"]
[EventRounds "11"]
[EventCountry "SRB"]
[SourceTitle "CBM 198 Extra"]
[Source "ChessBase"]
[SourceDate "2020.11.30"]
[SourceVersion "1"]
[SourceVersionDate "2020.11.30"]
[SourceQuality "1"]
[WhiteTeam "Belgrade Crvena Zvezda (W)"]
[BlackTeam "Valjevo 2005 (W)"]
[WhiteTeamCountry "SRB"]
[BlackTeamCountry "SRB"]

1. c4 e5 2. Nc3 Nc6 3. g3 Bc5 4. Bg2 a6 5. Nf3 Nf6 6. 0-0 d6 7. d3 0-0 8. a3 Bg4 9. Bd2 Qd7 10. b4 Ba7 11. b5 axb5 12. cxb5 Ne7 13. Ng5 c6 14. h3 Bf5 15. Kh2 h6 16. Nge4 Nxe4 17. dxe4 Be6 18. Rb1 cxb5 19. Nxb5 Bc5 20. a4 Nc8 21. f4 f5 22. exf5 Bxf5 23. e4 Be6 24. Bc3 exf4 25. gxf4 Nb6 26. a5 Nc4 27. Rf3 Nxa5 28. Rg3 Rf7 29. f5 Bc4 30. Nd4 Nc6 31. Nxc6 bxc6 32. f6 Qe6 33. fxg7 Bf2 34. Rf3 Rxf3 35. Qxf3 Bh4 36. Bf1 Bxf1 37. Rxf1 Be7 38. Rf2 d5 39. Qf5 Bd6+ 40. Kh1 Qxe4+ 41. Qxe4 dxe4 42. Bf6 Ra3 43. h4 e3 44. Re2 h5 45. Kg2 Bf4 46. Rb2 Ra8 47. Kf3 Bh6 48. Rb7 Rc8 49. Bc3 c5 50. Ke2 c4 51. Rb5 Bxg7 52. Bxg7 Kxg7 53. Rxh5 c3 54. Rg5+ Kh6 55. Rg1 c2 56. Rc1 Rc3 57. Kf3 Kh5 58. Ke2 Kxh4 59. Rh1+ Kg3 60. Rg1+ Kh2 61. Rc1 Kg2 62. Rb1 c1Q 0-1

[Event "SRB-chT (Women)"]
[Site "Valjevo"]
[Date "2020.09.29"]
[Round "7.5"]
[White "Benderac, Ana"]
[Black "Ljubicic, Andjela"]
[Result "1-0"]
[WhiteElo "2180"]
[BlackElo "1544"]
[PlyCount "61"]
[EventDate "2020.09.25"]
[EventType "team-tourn"]
[EventRounds "11"]
[EventCountry "SRB"]
[SourceTitle "CBM 198 Extra"]
[Source "ChessBase"]
[SourceDate "2020.11.30"]
[SourceVersion "1"]
[SourceVersionDate "2020.11.30"]
[SourceQuality "1"]
[WhiteTeam "Belgrade BAS (W)"]
[BlackTeam "Valjevo 2005 (W)"]
[WhiteTeamCountry "SRB"]
[BlackTeamCountry "SRB"]

1. d4 Nf6 2. c4 g6 3. Nc3 Bg7 4. e4 d6 5. f3 0-0 6. Bg5 Nbd7 7. Qd2 Re8 8. 0-0-0 Nb6 9. c5 dxc5 10. dxc5 Qxd2+ 11. Rxd2 Nbd7 12. Nb5 Rf8 13. Nxc7 Rb8 14. Be3 Ne5 15. Nd5 Nxd5 16. exd5 e6 17. d6 Bd7 18. Nh3 b6 19. cxb6 axb6 20. Kb1 b5 21. Bd4 Rfc8 22. b3 Rc6 23. f4 Nc4 24. Bxc4 bxc4 25. Bxg7 Kxg7 26. Rc1 cxb3 27. a3 Ra6 28. Rc7 Bc6 29. Ng5 Rb7 30. Rxb7 Bxb7 31. d7 1-0

[Event "SRB-chT (Women)"]
[Site "Valjevo"]
[Date "2020.09.29"]
[Round "6.2"]
[White "Ljubicic, Andjela"]
[Black "Arsovic, Jelena"]
[Result "1/2-1/2"]
[WhiteElo "1544"]
[BlackElo "2015"]
[PlyCount "137"]
[EventDate "2020.09.25"]
[EventType "team-tourn"]
[EventRounds "11"]
[EventCountry "SRB"]
[SourceTitle "CBM 198 Extra"]
[Source "ChessBase"]
[SourceDate "2020.11.30"]
[SourceVersion "1"]
[SourceVersionDate "2020.11.30"]
[SourceQuality "1"]
[WhiteTeam "Valjevo 2005 (W)"]
[BlackTeam "Kac Jugovic (W)"]
[WhiteTeamCountry "SRB"]
[BlackTeamCountry "SRB"]

1. e4 c6 2. d4 d5 3. e5 Bf5 4. h4 h6 5. g4 Bd7 6. h5 e6 7. Be3 Qb6 8. f4 c5 9. Ne2 Nc6 10. Nbc3 a6 11. Qd2 cxd4 12. Nxd4 Nxd4 13. Qxd4 Qxd4 14. Bxd4 Ne7 15. 0-0-0 b5 16. Bg2 b4 17. Ne2 Bb5 18. Ng3 Nc6 19. Bf2 Be7 20. Rhe1 a5 21. Ne2 a4 22. Nd4 Nxd4 23. Bxd4 0-0 24. f5 Rfc8 25. b3 Ra6 26. f6 gxf6 27. exf6 Bd6 28. Bf1 Bf4+ 29. Be3 Bxe3+ 30. Rxe3 Bxf1 31. Rxf1 axb3 32. Rxb3 Rxa2 33. Rf2 Rc4 34. Kb1 Ra3 35. Rxa3 bxa3 36. Rg2 Kh8 37. Ka2 Rc3 38. Kb1 Rf3 39. Ka2 Rxf6 40. Kxa3 Rf3+ 41. Kb4 Kg7 42. Kc5 Kf6 43. Kd6 Kg5 44. Ke7 d4 45. Kd6 Rc3 46. Ke7 Rf3 47. Kd6 Kf4 48. g5 hxg5 49. Rh2 Ra3 50. h6 Ra8 51. Rf2+ Ke4 52. Rxf7 e5 53. h7 Ra6+ 54. Ke7 Rh6 55. Kf8 g4 56. Kg7 Rh2 57. h8Q Rxh8 58. Kxh8 g3 59. Rf6 Ke3 60. Rg6 Kd2 61. Kg7 e4 62. Kf6 e3 63. Rxg3 Kxc2 64. Ke5 e2 65. Rg2 d3 66. Kd4 Kd1 67. Rg1+ Kd2 68. Rg2 Kd1 69. Rg1+ 1/2-1/2

[Event "SRB-chT (Women)"]
[Site "Valjevo"]
[Date "2018.09.10"]
[Round "11.1"]
[White "Ljubicic, Andjela"]
[Black "Vuckovic, Lidija"]
[Result "0-1"]
[WhiteElo "1567"]
[BlackElo "1834"]
[PlyCount "62"]
[EventDate "2018.08.31"]
[EventType "team-tourn"]
[EventRounds "11"]
[EventCountry "SRB"]
[SourceTitle "CBM 186 Extra"]
[Source "ChessBase"]
[SourceDate "2018.08.24"]
[SourceVersion "1"]
[SourceVersionDate "2018.08.24"]
[SourceQuality "1"]
[WhiteTeam "Lucani Mladost (W)"]
[BlackTeam "Zlatar (W)"]
[WhiteTeamCountry "SRB"]
[BlackTeamCountry "SRB"]

1. e4 c6 2. d4 d5 3. exd5 cxd5 4. c4 Nf6 5. Nc3 e6 6. cxd5 Nxd5 7. Nf3 Be7 8. Be2 0-0 9. 0-0 Nxc3 10. bxc3 b6 11. Bf4 Bb7 12. Ne5 Nd7 13. Bf3 Qc8 14. a4 Nf6 15. Bg5 h6 16. Bxf6 Bxf6 17. Bxb7 Qxb7 18. Qf3 Qc7 19. Qg3 Rac8 20. Rfc1 Rfd8 21. Qe3 Qd6 22. Nf3 Rc7 23. a5 b5 24. Ra2 a6 25. Rac2 Qa3 26. c4 Qxa5 27. d5 bxc4 28. dxe6 c3 29. exf7+ Kxf7 30. h3 Rcd7 31. Re2 Re7 0-1

[Event "SRB-ch U16 Girls"]
[Site "Novi Sad"]
[Date "2018.04.08"]
[Round "9"]
[White "Milanovic, Nikolina"]
[Black "Ljubicic, Andjela"]
[Result "0-1"]
[WhiteElo "1469"]
[BlackElo "1568"]
[PlyCount "80"]
[EventDate "2018.04.02"]
[EventType "swiss"]
[EventRounds "9"]
[EventCountry "SRB"]
[SourceTitle "EXT 2019"]
[Source "ChessBase"]
[SourceDate "2018.10.10"]
[SourceVersion "1"]
[SourceVersionDate "2018.10.10"]
[SourceQuality "1"]

1. e4 e5 2. Nf3 Nc6 3. Bc4 Bc5 4. c3 Nf6 5. d4 exd4 6. e5 d5 7. Bb5 Ne4 8. cxd4 Bb4+ 9. Nbd2 0-0 10. Bxc6 bxc6 11. Qc2 Bd7 12. 0-0 Nxd2 13. Bxd2 Be7 14. Rac1 Rb8 15. Rfe1 Rb6 16. Kh1 Qb8 17. b3 Ba3 18. Rcd1 Bb4 19. Re3 h6 20. Nh4 Bxd2 21. Rxd2 Qd8 22. g3 Bg4 23. f3 Bd7 24. f4 Re8 25. f5 a5 26. Rf3 Ra6 27. f6 g5 28. Nf5 Bxf5 29. Qxf5 Qc8 30. Qd3 a4 31. h4 axb3 32. axb3 Qh3+ 33. Kg1 Ra1+ 34. Kf2 Qh2+ 35. Ke3 Re1+ 36. Re2 Qg1+ 37. Rff2 Qxg3+ 38. Kd2 Rxe2+ 39. Qxe2 Ra8 40. Kc1 Qc3+ 0-1

[Event "SRB-ch U16 Girls"]
[Site "Kragujevac"]
[Date "2017.04.15"]
[Round "7"]
[White "Nikolic, Mila Z"]
[Black "Ljubicic, Andjela"]
[Result "1/2-1/2"]
[WhiteElo "1602"]
[BlackElo "1539"]
[PlyCount "45"]
[EventDate "2017.04.11"]
[EventType "tourn"]
[EventRounds "9"]
[EventCountry "SRB"]
[SourceTitle "EXT 2019"]
[Source "ChessBase"]
[SourceDate "2018.10.10"]
[SourceVersion "1"]
[SourceVersionDate "2018.10.10"]
[SourceQuality "1"]

1. Nf3 d5 2. g3 Nf6 3. Bg2 c5 4. 0-0 Nc6 5. b3 Bf5 6. Bb2 e6 7. d3 Be7 8. Nbd2 0-0 9. Nh4 Bg6 10. Nxg6 hxg6 11. e4 d4 12. f4 Qd7 13. Nc4 b5 14. Nd2 e5 15. Qe2 exf4 16. Rxf4 Nh5 17. Rff1 Rae8 18. Nf3 f5 19. e5 Bd6 20. e6 Rxe6 21. Qd1 Rfe8 22. Nh4 Bc7 23. Nxg6 1/2-1/2

[Event "SRB-ch U14 Girls"]
[Site "Kragujevac"]
[Date "2016.05.03"]
[Round "3"]
[White "Nikolic, Masa"]
[Black "Ljubicic, Andjela"]
[Result "1/2-1/2"]
[WhiteElo "1582"]
[BlackElo "1517"]
[PlyCount "43"]
[EventDate "2016.05.02"]
[EventType "swiss"]
[EventRounds "9"]
[EventCountry "SRB"]
[SourceTitle "CBM 172 Extra"]
[Source "ChessBase"]
[SourceDate "2016.06.21"]
[SourceVersion "1"]
[SourceVersionDate "2016.06.21"]
[SourceQuality "1"]

1. d4 d5 2. Nf3 c5 3. c3 Nc6 4. Bf4 Nf6 5. e3 Bg4 6. h3 Bh5 7. Nbd2 e6 8. g4 Bg6 9. Nh4 Bd6 10. Bg5 h6 11. Nxg6 fxg6 12. Bxf6 gxf6 13. Bd3 Rg8 14. Rg1 c4 15. Bc2 a6 16. e4 Qe7 17. exd5 exd5+ 18. Qe2 Qxe2+ 19. Kxe2 Kf7 20. Rge1 Rge8+ 21. Kf1 g5 22. Kg2 1/2-1/2